Leading Fantasy Scorers (Non QB) - Statistics

General Stats
  • This quiz has been taken 22 times
  • The average score is 26 of 32
Answer Stats
Hint Answer % Correct
BAL Derrick Henry
100%
CIN Ja'Marr Chase
95%
MIN Justin Jefferson
95%
PHI Saquon Barkley
95%
DAL Cedee Lamb
89%
DET Jahmyr Gibbs
89%
BUF James Cook
89%
GB Josh Jacobs
89%
KC Travis Kelce
89%
NO Alvin Kamara
84%
ATL Bijan Robinson
84%
CAR Chuba Hubbard
84%
MIA De'Von Achane
84%
SF George Kittle
84%
LAR Kyren Williams
84%
NYG Malik Nabers
84%
NE Rhamondre Stevenson
84%
WSH Terry McLaurin
84%
NYJ Breece Hall
79%
DEN Courtland Sutton
79%
CHI D'Andre Swift
79%
LAC J.K. Dobbins
79%
HOU Joe MIxon
79%
JAX Brian Thomas jr
74%
LV Brock Bowers
74%
TB Bucky Irving
74%
PIT George Pickens
74%
TEN Tony Pollard
74%
ARI Trey McBride
74%
SEA Jaxon Smith-Njigba
68%
CLE Jerry Jeudy
63%
IND Josh Downs
63%
No matching quizzes found
Score Distribution
Percent of People with Each Score
Percentile by Number Answered
Your Score History
You have not taken this quiz